O espantalho enamorado (Registo nº 4231)

Detalhes MARC
000 -Etiqueta do registo
Cabeçalho 00831nam0a2200277 4500
005 - Identificador da versão
Campo de controlo 20240813122056.0
010 ## - Número internacional normalizado dos livros (ISBN)
Número (ISBN) 9722412108
021 ## - Número do Depósito Legal
Código do país PT
Número 182419/02
100 ## - Dados gerais de processamento
Dados gerais de processamento 20170309d2002 a y0pory5003 ba
102 ## - Pais de publicação ou produção
País de publicação Portugal
101 1# - Língua de publicação
Língua do texto, banda sonora, etc. Português
Língua do documento no original Italiano
215 ## - Descrição física 
Indicação específica da natureza do documento e extensão da espécie [28] p.
Outras indicações físicas il. color
200 1# - Titulo e menção de responsabilidade
Título próprio O espantalho enamorado
Primeira menção de responsabilidade uma história de Guido Visconti
Outras menções de responsabilidade il. por Giovanna Osellame
-- trad. Manuela Pessoa
210 ## - Publicação, Distribuição, etc. 
Lugar da edição, distribuição, etc. Lisboa
Nome do editor, distribuidor, etc. Livros Horizonte
Data da publicação, distribuição, etc. D. L. 2002
300 ## - Notas gerais 
Texto da nota PNL
606 ## - Nome comum usado como assunto
Número de registo de entrada de autoridade 0001426
Palavra de ordem Literatura italiana
Subdivisão de assunto Conto
Código do sistema CA
675 ## - Classificação Decimal Universal (CDU)
Notação 821.131.1-34
Edição 3ª ed.
Língua da edição por
702 #1 - Nome de autor-pessoa física (responsabilidade secundária)
Número de registo de entrada de autoridade 0000903
Palavra de ordem Osellame
Outra parte do nome não tomada para palavra de ordem Giovanna
Código de função Ilustrador / Técnico de desenho computorizado
Número de registo de entrada de autoridade 0001733
Palavra de ordem Pessoa
Outra parte do nome não tomada para palavra de ordem Manuela
Código de função Tradutor
700 #1 - Nome de autor-pessoa física (responsabilidade principal)
Número de registo de entrada de autoridade 0000900
Palavra de ordem Visconti
Outra parte do nome não tomada para palavra de ordem Guido
942 ## - Elementos de entrada adicionados (Koha)
Tipo de item no Koha Livro
Exemplares
Situação do levantamento Origin of item (home branch) (coded) Biblioteca de empréstimo Código de barras Cota Circulation type (not for loan) Tipo de documento Nota do exemplar Damaged status
  Biblioteca Escolar das Vendas Biblioteca Escolar das Vendas BEV740 8EST VIS PNL   Livro Sem mensagem